| 000 | 00704nam a22002177a 4500 | ||
|---|---|---|---|
| 999 |
_c11195 _d11195 |
||
| 003 | AR-CdUCM | ||
| 008 | 190403b ||||| |||| 00| 0 spa d | ||
| 040 |
_aMUNICIPALIDAD PROVINCIAL DEL CUSCO _cBIBLIOTECA MUNICIPAL DEL CUSCO |
||
| 082 |
_aES / 036 / _bM42 |
||
| 100 |
_aMendoza, jose Pablo _928430 |
||
| 245 | _aMi coleccion de insectos / | ||
| 260 |
_aMadrid : _bEdiciones Monte Esquinza, _bEdiciones Santillana, _c1967. |
||
| 300 |
_a94 paginas ; _bilustraciones, graficos, dibujos, _c20 cm. |
||
| 500 | _aInsectos | ||
| 650 |
_aInsectos _919562 |
||
| 650 |
_aAnimales salvajes _91487 |
||
| 650 |
_aAnimales peligrosos _928431 |
||
| 650 |
_aLiteratura _983 |
||
| 942 |
_2ddc _cLIBROS |
||
| 945 | _apjha | ||